Countries starting with L - Statistics

General Stats
  • This quiz has been taken 29 times
  • The average score is 7 of 9
Answer Stats
Answer % Correct
Liberia
93%
Lithuania
90%
Latvia
86%
Liechtenstein
86%
Libya
83%
Laos
79%
Luxembourg
79%
Lebanon
69%
Lesotho
55%
No matching quizzes found
Score Distribution
Percent of People with Each Score
Percentile by Number Answered
Your Score History
You have not taken this quiz